| 000 | 00649nam a22001937a 4500 | ||
|---|---|---|---|
| 005 | 20180706145246.0 | ||
| 010 | _aENG-123398 | ||
| 020 |
_c495.00 _a9789352533343 |
||
| 035 | _aEN-106930 | ||
| 037 | _bDBAD/PUB | ||
| 082 | _a581.1 | ||
| 100 | _aJain, V.K. | ||
| 245 | 0 | 0 |
_aFundamentals of plant physiology : _cby V.K. Jain _bfor degree, postgraduate and various competitive examinations / |
| 260 |
_aNew Delhi _bS. Chand and Company _c2018 |
||
| 270 |
_a7361, Ram Nagar, _bNew Delhi _e110055 |
||
| 300 |
_a723p. _c24cm(pbk) |
||
| 500 | _aIt includes bibliographic references and glossary | ||
| 942 |
_2ddc _cEN _mJAI _h581.1 |
||
| 999 |
_c153526 _d153526 |
||